LIBRARY & INFORMATION CENTRE, KCAET, TAVANUR

ONLINE PUBLIC ACCESS CATALOGUE (OPAC)

Normal view MARC view
  • SANKALPA K.B

Entry Personal Name

Number of records used in: 1

001 - CONTROL NUMBER

  • control field: 2136

003 - CONTROL NUMBER IDENTIFIER

  • control field: OSt

005 - DATE AND TIME OF LATEST TRANSACTION

  • control field: 20171116162854.0

008 - FIXED-LENGTH DATA ELEMENTS

  • fixed length control field: 171116|| aca||aabn | a|a d

040 ## - CATALOGING SOURCE

  • Original cataloging agency: OSt
  • Transcribing agency: OSt

100 ## - HEADING--PERSONAL NAME

  • Personal name: SANKALPA K.B

670 ## - SOURCE DATA FOUND

  • Source citation: Work cat.: (OSt): SANKALPA K.B, Optimisation of Process Parameters for Preparation of Flavoured Instant Green Tea
free website counter